Statistics for Countries without Rivers

Click here to take the quiz!

General Stats

  • This quiz has been taken 798 times
  • The average score is 10 of 18

Answer Stats

Answer % Correct
Vatican City
75%
Qatar
67%
Nauru
66%
Monaco
65%
Tuvalu
64%
Bahrain
64%
Oman
62%
Yemen
61%
UAE
60%
Saudi Arabia
59%
Kiribati
57%
Kuwait
55%
Tonga
55%
Marshall Islands
50%
Maldives
49%
Malta
44%
Comoros
42%
Bahamas
36%

Score Distribution

Percentile by Number Answered

Percent of People with Each Score

Your Score History

You have not taken this quiz